Malaysian palm oil.
| Corporate Author: | |
|---|---|
| Format: | Book |
| Published: |
Kelana Jaya, Selangor:
MPOPC,
[200-].
|
| Subjects: |
| LEADER | 00431cam a2200145 7i4500 | ||
|---|---|---|---|
| 001 | 0000013141 | ||
| 005 | 20031230090000.0 | ||
| 090 | 0 | 0 | |a M 641.583 |b MAL |
| 110 | 2 | 0 | |a Malaysian Palm Oil Promotion Council (MPOPC) |
| 245 | 0 | 0 | |a Malaysian palm oil. |
| 260 | 0 | 0 | |a Kelana Jaya, Selangor: |b MPOPC, |c [200-]. |
| 300 | # | # | |a [v.p]. |
| 650 | 0 | 0 | |a Palm oil industry -- |z Malaysia |
| 651 | 0 | 0 | |a Malaysia |
| 999 | |a 0000015352 |b Book |c Book |e Business Information Centre | ||